| 000 | 00501nam a2200193Ia 4500 | ||
|---|---|---|---|
| 005 | 20250508151901.0 | ||
| 008 | 008 250505s9999 xx 000 0 san d | ||
| 037 | _aTextual | ||
| 040 |
_aFEDL _beng _cFEDL |
||
| 041 |
_asan _2eng |
||
| 084 |
_a372, BAD _qFEDL |
||
| 100 |
_aBedekar Sushila. (et.al). _9760262 |
||
| 245 | 0 | _aPalanyapasun shaleparyant | |
| 260 | _c1951 | ||
| 300 | _a184p | ||
| 650 | _aElementary Education | ||
| 942 |
_cTEXL _h372, BAD |
||
| 999 |
_c1332712 _d1332712 |
||